000 00731nam a2200217Ia 4500
003 OSt
005 20251023100631.0
008 220923b |||||||| |||| 00| 0 eng d
020 _a9781439910641
037 _cGeneral Book
040 _aRTL
_cRTL
_beng
041 _2eng
_aeng
084 _aY:3(NW).2, Q5
_qRTL
100 _aDayal, Samir.
_9333962
245 0 _aDream machine: realism and fantasy in hindi cinema
260 _aPhiledelphi
_bTemple University Press
_c2015
300 _aix, 304 p.
_ccm.
_bIncludes bibliographical references and index.
650 _aSociology
_9849282
942 _hY:3(NW).2, Q5
_cGB
_2CC
_n0
999 _c649170
_d649170